|
|
|
|
| LEADER |
00000cam a2200000 7i4500 |
| 001 |
0000009779 |
| 002 |
000010647 |
| 005 |
20000330.0 |
| 020 |
|
|
|a 0201082780
|
| 090 |
0 |
0 |
|a 618.92
|b PAN
|
| 100 |
1 |
|
|a Pantell, Robert
|
| 245 |
1 |
0 |
|a Taking care of your child :
|b a parent's guide to medical care
|c Robert H.Pantell, James F. Fries and Donald M. Vickery
|
| 260 |
|
|
|a Reading,Massachusetts :
|b Addison-Wesley Publishing Co. ,
|c 1984
|
| 300 |
|
|
|a 444 p. ;
|c 23 cm.
|
| 650 |
0 |
0 |
|a Children
|x Care and hygiene
|
| 650 |
0 |
0 |
|a Family
|x Health and hygiene
|
| 700 |
1 |
|
|a Fries, James F
|
| 700 |
1 |
|
|a Vickery, Donald M
|
| 999 |
|
|
|a 025060
|b BUKU
|c PINJAMAN
|e PERPUSTAKAAN KOMUNITI PETALING JAYA
|